F1 Circuits to Host a Race - Statistics

General Stats
  • This quiz has been taken 872 times
    421 since last reset
  • The average score is 40 of 77
Answer Stats
Last race Location Circuit name % Correct
2023 Italy Autodromo Nazionale Monza
97%
2024 Monaco Circuit de Monaco
96%
2024 Australia Albert Park Circuit
94%
2023 Belgium Circuit de Spa-Francorchamps
94%
2023 United Kingdom Silverstone Circuit
94%
2024 Japan Suzuka International Racing Course
92%
2023 Azerbaijan Baku City Circuit
91%
2024 Italy Autodromo Enzo e Dino Ferrari / Imola
90%
2023 Spain Circuit de Barcelona-Catalunya
90%
2023 United States Las Vegas Strip Circuit
89%
2023 Austria Red Bull Ring / A1 Ring / Österreichring
89%
2023 United States Miami International Autodrome
88%
2023 Netherlands Circuit Zandvoort
87%
2024 Saudi Arabia Jeddah Corniche Circuit
87%
2023 United Arab Emirates Yas Marina Circuit
86%
2024 Bahrain Sakhir / Bahrain International Circuit
85%
2024 China Shanghai International Circuit
85%
2023 Canada Circuit Gilles Villeneuve / Île Notre-Dame
83%
2023 United States Circuit of the Americas
82%
2023 Hungary Hungaroring
81%
2023 Brazil Autódromo José Carlos Pace / Interlagos
80%
2019 Germany Hockenheimring
75%
2020 Germany Nürburgring
75%
2020 Russia Sochi Autodrom
74%
2022 France Circuit Paul Ricard
73%
2023 Singapore Marina Bay Street Circuit
73%
2021 Portugal Portimão / Algarve International Circuit
68%
2007 United States Indianapolis Motor Speedway
66%
2023 Qatar Lusail International Circuit
66%
2020 Turkey Istanbul Park
65%
2017 Malaysia Sepang International Circuit
65%
2012 Spain Valencia Street Circuit
65%
2008 Japan Fuji Speedway
64%
2020 Italy Mugello Circuit
63%
2023 Mexico Autódromo Hermanos Rodríguez
59%
1995 Australia Adelaide Street Circuit
56%
2013 India Buddh International Circuit
53%
1997 Spain Circuito de Jerez
53%
1993 South Africa Kyalami Grand Prix Circuit
53%
2008 France Circuit de Nevers Magny-Cours
49%
1996 Portugal Autodromo de Estoril
47%
1986 United Kingdom Brands Hatch
47%
1993 United Kingdom Donington Park
46%
2013 South Korea Korea International Circuit
46%
1988 United States Detroit Street Circuit
42%
1998 Argentina Autódromo Juan y Oscar Gálvez
40%
1984 Belgium Circuit Zolder
36%
1984 United States Fair Park / Dallas Street Circuit
35%
1967 France Circuit de la Sarthe / Le Mans / Bugatti
32%
1989 Brazil Jacarepaguá / Autódromo Internacional Nelson Piquet
31%
1983 United States Long Beach Street Circuit
31%
1980 United States Watkins Glen International
31%
1957 Italy Pescara Circuit
30%
1991 United States Phoenix Street Circuit
30%
1995 Japan Okayama International Circuit / TI Circuit Aida
27%
1959 Germany AVUS
26%
1982 United States Caesars Palace Circuit
26%
1981 Spain Circuito del Jarama
25%
1984 France Dijon-Prenois
25%
1978 Sweden Anderstorp Raceway / Scandinavian Raceway
22%
1964 Austria Zeltweg
21%
1975 Spain Montjuïc Circuit
20%
1966 France Reims-Gueux
20%
1959 United States Sebring International Raceway
20%
1962 United Kingdom Aintree Motor Racing Circuit
19%
1977 Canada Mosport Park
19%
1958 Morocco Ain-Diab Circuit
16%
1960 United States Riverside International Raceway
16%
1968 France Rouen-Les-Essarts
16%
1954 Switzerland Circuit Bremgarten
15%
1970 Canada Circuit Mont-Tremblant
15%
1965 South Africa Prince George Circuit
14%
1972 France Circuit de Charade / Circuit Louis Rosier / Circuit Clermont-Ferrand
13%
1960 Portugal Circuito da Boavista
12%
1974 Belgium Nivelles-Baulers
12%
1954 Spain Pedralbes Circuit
10%
1959 Portugal Circuito de Monsanto
9%
No matching quizzes found
Score Distribution
Percent of People with Each Score
Percentile by Number Answered
Your Score History
You have not taken this quiz since the last reset